Enseada amena (Registo nº 200566)

Detalhes MARC
000 -Etiqueta do registo
Valores 00692nam 22002533 4500
021 ## - Número do Depósito Legal
Código do país Portugal
100 ## - Dados gerais de processamento
Dados gerais 20230124d u||y0pory50 ba
101 ## - Língua de publicação
Língua Português
102 ## - País de publicação
País Portugal
200 ## - Titulo e menção de responsabilidade
Título próprio Enseada amena
Primeira menção de responsabilidade Augusto Abelaira
205 ## - Menção da edição
Edição
210 ## - Publicação
Local de publicação Amadora
Nome do editor Livraria Bertrand
Data de publicação 1965
215 ## - Descrição física 
Paginação / Volumes 303 p.
Dimensões 19 cm
Outras indicações físicas Brochado
225 ## - Colecção 
Título próprio da colecção Autores Portugueses
300 ## - Notas gerais 
Texto da nota Romance
317 ## - Nota de proveniência
Texto da nota Oferta com dedicatória da escritora ao Prof. Dr. Almeida Faria
606 ## - Nome comum usado como assunto
ID Autoridade 23
Palavra de ordem Literatura Portuguesa
Subdivisão assunto Poesia
675 ## - CDU
Notação 821.134.3-3
Edição PT
Língua por
700 ## - Autor principal (pessoa individual)
ID Autoridade 2906
Apelido Abelaira
Nome Augusto
Datas 1926-2003
801 ## - Fonte de origem
País PT
Agência BMMN
Regras de catalogação RPC
830 ## - Notas gerais do catalogador
Criado por Ana
Indexado por Ana
990 ## - Elementos KOHA
Tipo de documento Livro
Exemplares
Situação do levantamento Biblioteca de origem Código de barras Cota Permissão de empréstimo Tipo de documento Nota relativa ao exemplar Forma de aquisição
  Biblioteca Municipal de Montemor-o-Novo 29760 821.134.3-3 ABE|SAF   Livro Acesso condicionado Oferta

Powered by Koha